Sports Quiz

Random Sports or Baseball Quiz

MLB SB Leaders by Team (Career) Quiz Stats

 Plays Quiz Updated Oct 1, 2019

Score 0/30 Timer 07:00
0 Plays Today
Team Player % Correct
Oakland AthleticsRickey Henderson
94.2%
New York YankeesDerek Jeter
84.3%
St. Louis CardinalsLou Brock
63.8%
Detroit TigersTy Cobb
56.2%
Tampa Bay RaysCarl Crawford
47.6%
Washington NationalsTim Raines
43.8%
New York MetsJose Reyes
39.9%
Seattle MarinersIchiro Suzuki
39.8%
Cleveland IndiansKenny Lofton
36.8%
Kansas City RoyalsWillie Wilson
35.1%
Los Angeles DodgersMaury Wills
33.3%
Cincinnati RedsBid McPhee
31%
San Diego PadresTony Gwynn
29.2%
Milwaukee BrewersPaul Molitor
28.6%
Texas RangersElvis Andrus
25.3%
Team Player % Correct
Colorado RockiesEric Young
23.9%
Miami MarlinsLuis Castillo
22.5%
Arizona DiamondbacksTony Womack
21.1%
Los Angeles AngelsChone Figgins
16%
Philadelphia PhilliesBilly Hamilton
13.8%
Houston AstrosCesar Cedeno
13.1%
Chicago White SoxEddie Collins
9.8%
Toronto Blue JaysLloyd Moseby
7.1%
Pittsburgh PiratesMax Carey
6.4%
Baltimore OriolesGeorge Sisler
4.7%
Chicago CubsFrank Chance
4.4%
Atlanta BravesHerman Long
3%
Boston Red SoxHarry Hooper
2.3%
Minnesota TwinsClyde Milan
2.2%
San Francisco GiantsMike Tiernan
1%

You're not logged in!

Compare scores with friends on all Sporcle quizzes.
OR
Log In

Sporcle TV

Today on Sporcle TV


Watch our educational content, quiz creation guides, and fun videos on Sporcle TV.

Show Comments

Extras

Top Quizzes Today


Score Distribution

Your Account Isn't Verified!

In order to create a playlist on Sporcle, you need to verify the email address you used during registration. Go to your Sporcle Settings to finish the process.

Report this User

Report this user for behavior that violates our Community Guidelines.

Details: